| 000 | 00496pab a2200193 454500 | ||
|---|---|---|---|
| 008 | 180718b2008 xxu||||| |||| 00| 0 eng d | ||
| 100 | _aBeegle, Kathleen | ||
| 245 | _aAdult mortality and consumption growth in the age of HIV/AIDS | ||
| 260 | _c2008 | ||
| 300 | _ap.299-326. | ||
| 362 | _aJan | ||
| 650 | _aMortality | ||
| 650 | _aAIDS | ||
| 700 | _aDercon, Stefan | ||
| 700 | _aWeerdt, Joachim De | ||
| 773 | _aEconomic Development and Cultural Change | ||
| 908 | _aN | ||
| 909 | _a78033 | ||
| 999 |
_c78033 _d78033 |
||